| 000 | 00783nmc a2200289 a 4500 | ||
|---|---|---|---|
| 003 | AR-BaBNM | ||
| 005 | 20251128210852.0 | ||
| 008 | 176020s1997 ||||||||||||||000 | spa|| | ||
| 020 | _a84-8063-284-4 | ||
| 040 | _cAR-BaBNM | ||
| 100 | 1 | _aQuiñonero Hernández, José | |
| 245 | 1 | 0 |
_aTransición al Renacimiento _bLa Celestina |
| 250 | _a1ª ed. | ||
| 260 |
_aBarcelona _bEdiciones Octaedro _c1997 |
||
| 300 | 0 | _a110 p. | |
| 490 | 0 |
_aColección Vademécum _vv. 3 |
|
| 521 | _aSECUNDARIO | ||
| 650 | 4 | _aLITERATURA ESPANOLA | |
| 650 | 4 | _aRENACIMIENTO | |
| 650 | 4 | _aANTOLOGIAS | |
| 650 | 4 | _aACTIVIDADES DE APRENDIZAJE | |
| 650 | 4 | _aLITERATURA MEDIEVAL | |
| 653 | 0 | _aENSENANZA DE LA LITERATURA | |
| 700 | 1 | _aCalero Heras, José | |
| 942 | _cBK | ||
| 998 | _cme-solo cat | ||
| 999 |
_c17234 _d17234 |
||